| 000 | 00433cam a22001457a 4500 | ||
|---|---|---|---|
| 008 | 180718b1999 xxu||||| |||| 00| 0 eng d | ||
| 020 | _a0631206493 | ||
| 082 | _aB1 El58 | ||
| 245 |
_aThe Blackwell reader in contemporary social theory _cedited by Anthony Elliott |
||
| 260 |
_aLondon _bBlackwell _c1999 |
||
| 300 | _a396p. | ||
| 650 | _aSocial sciences - Philosophy | ||
| 650 | _aSociology - Philosophy | ||
| 700 | _aElliott, Anthony | ||
| 999 |
_c390076 _d390076 |
||